Lean Six Sigma for supply chain management : (Record no. 19912)
[ view plain ]
| 000 -LEADER | |
|---|---|
| fixed length control field | 00977cam a22002775a 4500 |
| 001 - CONTROL NUMBER | |
| control field | 18333873 |
| 005 - DATE AND TIME OF LATEST TRANSACTION | |
| control field | 20201128021338.0 |
| 008 - FIXED-LENGTH DATA ELEMENTS--GENERAL INFORMATION | |
| fixed length control field | 141014t2014 nyua fr 001 0 eng d |
| 020 ## - INTERNATIONAL STANDARD BOOK NUMBER | |
| International Standard Book Number | 0071793054 |
| 020 ## - INTERNATIONAL STANDARD BOOK NUMBER | |
| International Standard Book Number | 9780071793056 |
| 040 ## - CATALOGING SOURCE | |
| Original cataloging agency | MOZ |
| Language of cataloging | eng |
| Transcribing agency | MOZ |
| Modifying agency | EG-ScBUE |
| 082 04 - DEWEY DECIMAL CLASSIFICATION NUMBER | |
| Classification number | 658.7 |
| Edition number | 22 |
| Item number | MAR |
| 100 1# - MAIN ENTRY--PERSONAL NAME | |
| Personal name | Martin, James W. |
| Fuller form of name | (James William), |
| Dates associated with a name | 1952- |
| 9 (RLIN) | 38853 |
| 245 10 - TITLE STATEMENT | |
| Title | Lean Six Sigma for supply chain management : |
| Remainder of title | a 10-step solution process / |
| Statement of responsibility, etc | James W. Martin. |
| 246 3# - VARYING FORM OF TITLE | |
| Title proper/short title | Lean Six Sigma for supply chain management : |
| Remainder of title | a ten-step solution process / |
| 250 ## - EDITION STATEMENT | |
| Edition statement | 2nd ed. |
| 260 ## - PUBLICATION, DISTRIBUTION, ETC. (IMPRINT) | |
| Place of publication, distribution, etc | New York : |
| Name of publisher, distributor, etc | McGraw- Hill Education, |
| Date of publication, distribution, etc | c.2014. |
| 300 ## - PHYSICAL DESCRIPTION | |
| Extent | xxix, 395 p. : |
| Other physical details | ill. ; |
| Dimensions | 24 cm. |
| 500 ## - GENERAL NOTE | |
| General note | Index : p. 383-395. |
| 650 #7 - SUBJECT ADDED ENTRY--TOPICAL TERM | |
| Topical term or geographic name as entry element | Business logistics. |
| Source of heading or term | BUEsh |
| 9 (RLIN) | 31004 |
| 650 #0 - SUBJECT ADDED ENTRY--TOPICAL TERM | |
| Topical term or geographic name as entry element | Six sigma (Quality control standard) |
| Source of heading or term | BUEsh |
| 650 #7 - SUBJECT ADDED ENTRY--TOPICAL TERM | |
| Topical term or geographic name as entry element | Quality control. |
| Source of heading or term | BUEsh |
| 9 (RLIN) | 895 |
| 651 ## - SUBJECT ADDED ENTRY--GEOGRAPHIC NAME | |
| Source of heading or term | BUEsh |
| 653 ## - INDEX TERM--UNCONTROLLED | |
| Resource For college | BAEPS, Business Administration |
| Arrived date list | June2015 |
| -- | December2015 |
| 942 ## - ADDED ENTRY ELEMENTS (KOHA) | |
| Source of classification or shelving scheme | Dewey Decimal Classification |
| Call number prefix | 658.7 MAR |
| Withdrawn status | Lost status | Source of classification or shelving scheme | Damaged status | Not for loan | Koha collection | Home library | Current library | Shelving location | Date acquired | Source of acquisition | Cost, normal purchase price | Serial Enumeration / chronology | Total Checkouts | Total Renewals | Full call number | Barcode | Date last seen | Date last borrowed | Cost, replacement price | Koha item type |
|---|---|---|---|---|---|---|---|---|---|---|---|---|---|---|---|---|---|---|---|---|
| Dewey Decimal Classification | Alahram | Central Library | Central Library | First floor | 24/06/2015 | Purchase | 238.00 | 338 | 5 | 50 | 658.7 MAR | 000038772 | 15/07/2025 | 26/09/2023 | 297.50 | Book - Borrowing |